The Mason Williams Reading Matter

Salvato in:
Dettagli Bibliografici
Autore principale: Williams, Mason
Natura: Libro
Lingua:Undetermined
Pubblicazione: New York, Estados Unidos Doubleday 1979
Soggetti:
Tags: Aggiungi Tag
Nessun Tag, puoi essere il primo ad aggiungerne!!

MARC

LEADER 00000nam a2200000Ia 4500
008 170316s9999 xx 000 0 und d
040 |a cru BVZT 
090 |a 810 W-31m 
100 |a Williams, Mason 
245 4 |a The Mason Williams Reading Matter 
260 |a New York, Estados Unidos 
260 |b Doubleday 
260 |c 1979 
300 |a 88 páginas 
650 |a LITERATURA ESTADOUNIDENSE 
999 |c 6281  |d 6281 
942 |c 15 D  |h 810 W-31m  |2 z